A reconnaissance of parts of northwestern New Mexico and northern Arizona / (Record no. 24961)
[ view plain ]
| 000 -LEADER | |
|---|---|
| fixed length control field | 00951cam a22002771i 4500 |
| 001 - CONTROL NUMBER | |
| control field | gs 10000557 |
| 003 - CONTROL NUMBER IDENTIFIER | |
| control field | DLC |
| 005 - DATE AND TIME OF LATEST TRANSACTION | |
| control field | 20260227111310.0 |
| 008 - FIXED-LENGTH DATA ELEMENTS--GENERAL INFORMATION | |
| fixed length control field | 790508s1910 dcuab b f001 0 eng |
| 010 ## - LIBRARY OF CONGRESS CONTROL NUMBER | |
| LC control number | gs 10000557 |
| 035 ## - SYSTEM CONTROL NUMBER | |
| System control number | (OCoLC)4940842 |
| 040 ## - CATALOGING SOURCE | |
| Original cataloging agency | DLC |
| Transcribing agency | ICharE |
| Modifying agency | DLC |
| 042 ## - AUTHENTICATION CODE | |
| Authentication code | premarc |
| 043 ## - GEOGRAPHIC AREA CODE | |
| Geographic area code | n-us-nm |
| -- | n-us-az |
| 050 00 - LIBRARY OF CONGRESS CALL NUMBER | |
| Classification number | QE75 |
| Item number | .B9 no. 435 |
| 100 1# - MAIN ENTRY--PERSONAL NAME | |
| Personal name | Darton, Nelson Horatio, |
| Dates associated with a name | 1865-1948. |
| 245 12 - TITLE STATEMENT | |
| Title | A reconnaissance of parts of northwestern New Mexico and northern Arizona / |
| Statement of responsibility, etc. | by N.H. Darton. |
| 260 ## - PUBLICATION, DISTRIBUTION, ETC. | |
| Place of publication, distribution, etc. | Washington, |
| Name of publisher, distributor, etc. | Govt. Print. Off., |
| Date of publication, distribution, etc. | 1910. |
| 300 ## - PHYSICAL DESCRIPTION | |
| Extent | 88 p. : |
| Other physical details | ill., 17 pl (incl. 3 fold. maps) ; |
| Dimensions | 24 cm. |
| 490 1# - SERIES STATEMENT | |
| Series statement | U.S. Geological survey. Bulletin 435 |
| 500 ## - GENERAL NOTE | |
| General note | Issued also as House doc. no. 982, 61st Cong., 2d sess. |
| 504 ## - BIBLIOGRAPHY, ETC. NOTE | |
| Bibliography, etc. note | Bibliography : p 81-84. |
| 650 #0 - SUBJECT ADDED ENTRY--TOPICAL TERM | |
| Topical term or geographic name entry element | Geology |
| Geographic subdivision | New Mexico. |
| 650 #0 - SUBJECT ADDED ENTRY--TOPICAL TERM | |
| Topical term or geographic name entry element | Geology |
| Geographic subdivision | Arizona. |
| 810 1# - SERIES ADDED ENTRY--CORPORATE NAME | |
| Corporate name or jurisdiction name as entry element | United States. |
| Subordinate unit | Geological Survey. |
| Title of a work | Bulletin ; |
| Volume/sequential designation | 435. |
No items available.